000 00269nam a2200109Ia 4500
008 200302s9999 xx 000 0 und d
100 _aGyula Sebestyen
245 _aNew Architecture and Technology
260 _bArchitectural Press
260 _c2003
300 _a168 P.,
999 _c2652
_d2652